• 首页
  • 本馆介绍
  • 公告通知
  • 最新文献
  • 馆藏检索
  • 电子资源
  • 读者导购
  • 参考咨询
  • 我的图书馆
  • 登录
  • 详细信息显示
  • 放入我的书架
  • 预约/预借图书
  • 作者相关作品
  • 分类相关作品
  • 丛书相关作品
  • 出版社相关作品

书目信息

  • 表格格式
  • 工作单格式
  • 卡片格式
书名: MultiAmerica
作者: edited by Ishmael Reed.
分册号:
分册名:
出版地: New York :
 
出版社: Viking
出版时间: 1997.
页数: xxviii, 468 p. ;
开本: 24 cm.
丛书名:
中图分类号:
科图分类号:
其他分类号: C913
主题词:
电子资源:
000 01210cam a2200337 a 450
001 E0754656595
005 20070519084009.60
008 960521s1997 nyu b 000 0 eng
010    @a96009130
020    @a0670867535 (acid-free paper).
035    @A(DLC) 96009130
040    @aDLC@cDLC@dDLC
043    @an-us---
050 00 @aE184.A1@bM8 1997
082 00 @a305.8/00973@2 20
090    @aC913
099    @dC913@ex103
245 00 @aMultiAmerica :@bessays on cultural wars and cultural peace / @cedited by Ishmael Reed.
246 3  @aMulti-America
260    @aNew York :@bViking,@c1997.
300    @axxviii, 468 p. ;@c24 cm.
504    @aIncludes bibliographical references.
650  0 @aMulticulturalism@zUnited States.
650  0 @aPluralism (Social sciences)@zUnited States.
651  0 @aUnited States@xSocial conditions@y1980-
651  0 @aUnited States@xEthnic relations.
700 1  @aReed, Ishmael,@d1938-
906    @a7@bcbc@corignew@d1@eocip@f19@gy-gencatlg
920    @a**LC HAS REQ’D # OF SHELF COPIES**
955    @apc03 to sa00 05-21-95; sd43/sd13 05-22-96; sd06 05-24-96; CIP ver. pv07 06-11-97
991    @bc-GenColl@hE184.A1@iM8 1997@p00052046555@tCopy 1@wBOOKS
    
    MultiAmerica : : essays on cultural wars and cultural peace / / edited by Ishmael Reed.-New York : : Viking, , 1997.
    xxviii, 468 p. ; ; 24 cm.
    Includes bibliographical references.
    
    ISBN 0670867535 (acid-free paper).
    
●
相关链接 在E读中查询图书 在五车中查询图书 在当当中查询图书 在豆瓣中查询图书


正题名:MultiAmerica     索取号:C913/x103         预约/预借

序号 登录号 条形码 馆藏地/架位号 状态 备注
1 0007332   300073328   第四借阅区/ [索取号:C913/x103] 在馆    
2 0007333   300073337   第四借阅区/ [索取号:C913/x103] 在馆    
3 0007334   300073346   第四借阅区/ [索取号:C913/x103] 在馆    
4 10487   300104875   第二样本阅览室/ [索取号:C913/x103] 在馆    
5 10488   300104884   密集书库/ [索取号:C913/x103] 在馆    
6 10489   300104893   密集书库/ [索取号:C913/x103] 在馆    
7 10490   300104900   第四借阅区/ [索取号:C913/x103] 在馆    
8 6948   300069486   第四借阅区/ [索取号:C913/x103] 在馆    
9 6949   300069495   第四借阅区/ [索取号:C913/x103] 在馆    
10 6950   300069501   第四借阅区/ [索取号:C913/x103] 在馆    
唐山师范学院图书馆 欢迎您!
大连网信软件有限公司© 版权所有